Surviving women / (Record no. 3110)
[ view plain ]
| 000 -LEADER | |
|---|---|
| fixed length control field | 00696cam a2200181 4500 |
| 001 - CONTROL NUMBER | |
| control field | 3800 |
| 010 ## - LIBRARY OF CONGRESS CONTROL NUMBER | |
| LC control number | 00372090 |
| 020 ## - INTERNATIONAL STANDARD BOOK NUMBER | |
| International Standard Book Number | 9780140287158 |
| 100 1# - MAIN ENTRY--PERSONAL NAME | |
| Personal name | Pinto, Jerry. |
| 245 10 - TITLE STATEMENT | |
| Title | Surviving women / |
| Statement of responsibility, etc. | Jerry Pinto. |
| 260 ## - PUBLICATION, DISTRIBUTION, ETC. | |
| Place of publication, distribution, etc. | New Delhi : |
| -- | |
| Name of publisher, distributor, etc. | Penguin Books, |
| Date of publication, distribution, etc. | 2000. |
| 300 ## - PHYSICAL DESCRIPTION | |
| Extent | xx, 187 p. ; |
| Dimensions | 21 cm. |
| 520 ## - SUMMARY, ETC. | |
| Summary, etc. | An attempt to highlight the notions of the average Indian male against his female counterpart. |
| 650 #0 - SUBJECT ADDED ENTRY--TOPICAL TERM | |
| Topical term or geographic name entry element | Courtship |
| Geographic subdivision | India. |
| Topical term or geographic name entry element | Feminism |
| Geographic subdivision | India. |
| Topical term or geographic name entry element | Women |
| Geographic subdivision | India |
| General subdivision | Social conditions. |
| 856 ## - ELECTRONIC LOCATION AND ACCESS | |
| Host name | |
| Uniform Resource Identifier | <a href="http://books.google.bt/books?vid=ISBN9780140287158&printsec=frontcover&redir_esc=y#v=onepage&q&f=true">http://books.google.bt/books?vid=ISBN9780140287158&printsec=frontcover&redir_esc=y#v=onepage&q&f=true</a> |
| Link text | Link to Google Books copy (incomplete version). |
| Public note | |
| Materials specified | |
| Withdrawn status | Lost status | Source of classification or shelving scheme | Damaged status | Not for loan | Collection code | Home library | Current library | Shelving location | Date acquired | Serial Enumeration / chronology | Inventory number | Total Checkouts | Full call number | Barcode | Date last seen | Date last checked out | Price effective from | Koha item type |
|---|---|---|---|---|---|---|---|---|---|---|---|---|---|---|---|---|---|---|
| Dewey Decimal Classification | Main TEST | RTC Library | RTC Library | Main opac | 27/11/2018 | 6452 | 1 | 305 PIN | 30006538 | 12/01/2022 | 01/03/2019 | 27/11/2018 | Fiction |